000 00768nam a22001817a 4500
999 _c235853
_d235853
008 201130b ||||| |||| 00| 0 eng d
040 _bger
_cDE-2950
_erda
_aDE-2950
041 _ager
100 _aGutke, Thomas:
245 _aE-Akte schafft Platz für Neues.
_bHome-Office: Die Rentenversicherung kam gut durch die Pandemie. Völlig unvorbereitet traf die Umstellung auf digitales Arbeiten die Behörde in Frankfurt nicht /
_cThomas Gutke
653 _aFrankfurt (Oder)
653 _aDeutsche Rentenversicherung
773 _dFrankfurt (Oder): Märkisches Verlags- und Druckhaus GmbH & Co KG
_g32. Jahrgang (2021) Nr. 149 vom 30.06.2021, S.13 : Foto
_tMärkische Oderzeitung
942 _cA